000 00683nam a2200289Ia 4500
005 20260324142027.0
008 008 260324s9999 xx 000 0 eng d
020 _a9780203059470
037 _aEBOOK
040 _aCRL
040 _beng
040 _cCRL
041 _2eng
041 _aeng
084 _qCRL
100 _aRobert Parkin
_91210413
245 4 _aThe Dark Side of Humanity
245 4 _bThe Work of Robert Hertz and its Legacy
260 _bTaylor and Francis
260 _c1996
365 _a
365 _b290
856 _uhttp://www.taylorfrancis.com/books/9780203059470
942 _cEBOOK
999 _c1814141
_d1814141